| 000 | 00713 a2200169 4500 | ||
|---|---|---|---|
| 003 | NUST | ||
| 005 | 20230815113018.0 | ||
| 040 | _cNust | ||
| 082 | _a621.384,COR | ||
| 100 |
_aCorps, U.S Marine _9114108 |
||
| 245 |
_aFeild Antenna Handbook / _bU.S Marine Crops |
||
| 250 | _aMCRP 6-22D | ||
| 260 |
_aWashington D.C _bHarris Corporation RF Communication _c1999 |
||
| 300 | _ax,8-16p.; | ||
| 505 | _aRadio Principles (Page-1-1), Antenna Fundamentals (Page-2-2), Transmission Lines (Page-3-1), HF Antenna Selection (Page-4-2), VHF and UHf Antenna Selection (Page-5-1), Feild Repair and Expendients (Page-6-1), Satellite Communication Antenna (Page-7-4), Antenna Farms (Page-8-1). | ||
| 942 |
_2ddc _cBK _k621.384,COR |
||
| 999 |
_c190278 _d190278 |
||